000 00808cam a22002413a 4500
001 19780
003 PGUSA
005 20140828083423.0
008 061113s2006||||xxu|||||s|||||000 | eng d
040 _aPGUSA
_beng
042 _adc
050 4 _aZ
100 1 _aNew Zealand. National Library Service
245 1 0 _aReport of the National Library Service for the Year Ended 31 March 1958
_h[electronic resource] /
_cNew Zealand. National Library Service
260 _bProject Gutenberg,
_c2006
506 _aPublic domain in the USA.
516 _aElectronic text
653 _aNew Zealand. National Library Service -- Periodicals
653 _aNational libraries -- New Zealand -- Periodicals
830 0 _aProject Gutenberg
_v19780
856 4 0 _uhttp://www.gutenberg.org/ebooks/19780
942 _cEB
999 _c249035
_d249035